Impacto de la planificación estratégica en la deserción estudiantil en la Facultad de Ciencias Económicas para el Desarrollo Empresarial de la Universidad Nacional Evangélica, Santo Domingo, D.N. año 2017. (Record no. 6058)

MARC details
000 -LEADER
campo de control de longitud fija 02764nam a2200553Ia 4500
001 - NÚMERO DE CONTROL
campo de control 6427
008 - DATOS DE LONGITUD FIJA--INFORMACIÓN GENERAL
campo de control de longitud fija 241029s9999 xx 000 0 und d
010 ## - NÚMERO DE CONTROL DE LA BIBLIOTECA DEL CONGRESO
Número de control de LC 6058
041 ## - CÓDIGO DE IDIOMA
Código de lengua del texto/banda sonora o título independiente Español
082 ## - NÚMERO DE LA CLASIFICACIÓN DECIMAL DEWEY
Número de clasificación NO APLICA
245 #0 - MENCIÓN DEL TÍTULO
Título Impacto de la planificación estratégica en la deserción estudiantil en la Facultad de Ciencias Económicas para el Desarrollo Empresarial de la Universidad Nacional Evangélica, Santo Domingo, D.N. año 2017.
260 ## - PUBLICACIÓN, DISTRIBUCIÓN, ETC.
Lugar de publicación, distribución, etc. Santo Domingo
300 ## - DESCRIPCIÓN FÍSICA
Extensión 76
520 ## - RESUMEN, ETC.
Sumario, etc. 67
520 ## - RESUMEN, ETC.
Sumario, etc. Esta investigación tuvo como propósito analizar los factores que inciden en la Deserción Universitaria caso Facultad de Ciencias Económicas para el Desarrollo Empresarial (FACEDE) de la Universidad Nacional Evangélica, Santo Domingo, República Dominicana, año 2017.La misma es una investigación descriptiva, con un análisis de tipo cuantitativo y cualitativos, determinando y analizando los factores que en realidad inciden en la deserción estudiantil en FACEDE. Se aplicaron encuestas a una muestra de 70 estudiantes y se les hizo entrevistas a 6 personas pertenecientes al personal docente y administrativo.Concluimos que las mayores causas de deserción son los factores socio económicos y laboral, por lo que identificamos que la planificación estratégica ejecutada actualmente por las autoridades universitarias no influye en la deserción académica de la Facultad de Ciencias Económicas de la Universidad Nacional Evangélica.Como recomendación al área administrativa-financiera de la UNEV, al área académica y al decanato de FACEDE, mas flexibilidad curricular, revisar los tarifarios y seguir promoviendo el desarrollo intelectual y preparación de sus docentes del área para mejorar la calidad de los estudiantes.
630 ## - PUNTO DE ACCESO ADICIONAL DE MATERIA--TÍTULO UNIFORME
Título uniforme Deserción Estudiantil
630 ## - PUNTO DE ACCESO ADICIONAL DE MATERIA--TÍTULO UNIFORME
Título uniforme Economía
630 ## - PUNTO DE ACCESO ADICIONAL DE MATERIA--TÍTULO UNIFORME
Título uniforme Factores
630 ## - PUNTO DE ACCESO ADICIONAL DE MATERIA--TÍTULO UNIFORME
Título uniforme Impacto Socio-Económico
650 ## - PUNTO DE ACCESO ADICIONAL DE MATERIA--TÉRMINO DE MATERIA
Término de materia o nombre geográfico como elemento de entrada Deserción Escolar
690 ## - PUNTO DE ACCESO ADICIONAL DE MATERIA LOCAL--TÉRMINO DE MATERIA (OCLC, RLIN)
Término de materia o nombre geográfico como elemento inicial Elaborado
700 ## - ENTRADA AGREGADA--NOMBRE PERSONAL
Término indicativo de función/relación asesor
Nombre de persona Ossers, Alfredo
700 ## - ENTRADA AGREGADA--NOMBRE PERSONAL
Término indicativo de función/relación autor
Nombre de persona Valentin Peréz, Julio César
901 ## - ELEMENTOS DE DATOS A LOCAL LDA (RLIN)
a {"1":"Valentin Peréz"}
b {"1":"Julio César"}
902 ## - ELEMENTOS DE DATOS B LOCAL, LDB (RLIN)
a 1
903 ## - ELEMENTOS DE DATOS C LOCAL, LDC (RLIN)
a {"1":"Ossers"}
b {"1":"Alfredo"}
904 ## - ELEMENTOS DE DATOS D LOCAL, LDD (RLIN)
a Magíster en
905 ## - ELEMENTOS DE DATOS E LOCAL, LDE (RLIN)
a Educación Superior
906 ## - ELEMENTOS DE DATOS F LOCAL, LDF (RLIN)
a 1
907 ## - ELEMENTOS DE DATOS G LOCAL, LDG (RLIN)
a Mención en
908 ## - COLOCAR PARÁMETRO DE COMANDO (RLIN)
Colocar parámetro de comando Planeamiento Educativo
909 ## -
-- ISFODOSU, Recinto Félix Evaristo Mejía
910 ## - DATOS DE OPCIÓN DEL USUARIO (OCLC)
Datos de opción del usuario NULL
-- NULL
911 ## - EQUIVALENCIA O REFERENCIA-CRUZADA-NOMBRE DE CONFERENCIA O REUNIÓN/CONGRESO [LOCAL, CANADÁ]
Nombre de congreso/reunión o jurisdicción como elemento de entrada ["1"]
912 ## -
-- NO APLICA
913 ## -
-- NULL
914 ## -
-- 01 de Abril de 2019
915 ## -
-- 29/10/19 03:10
916 ## -
-- NULL
917 ## -
-- NULL
918 ## -
-- NO APLICA
919 ## -
-- ["64","288","243","303"]
921 ## -
-- 63
922 ## -
-- 63
923 ## -
-- 1
924 ## -
-- NO APLICA
942 ## - ELEMENTOS DE ENTRADA SECUNDARIOS (KOHA)
Tipo de ítem Koha

No items available.

© 2024. Todos los Derechos Reservados. Desarrollado por IDEICE